Mathematical methods in chemical engineering (Record no. 25039)

000 -LEADER
fixed length control field 00548nam a22002051 4500
001 - CONTROL NUMBER
control field 25039
003 - CONTROL NUMBER IDENTIFIER
control field BD-DhUET
008 - FIXED-LENGTH DATA ELEMENTS--GENERAL INFORMATION
fixed length control field 730313s1963 xx 000 0 eng
040 ## - CATALOGING SOURCE
Original cataloging agency DLC
Transcribing agency OClU
Modifying agency BD-DhUET
082 ## - DEWEY DECIMAL CLASSIFICATION NUMBER
Classification number 660.28
Item number JEN/1963
100 ## - MAIN ENTRY--PERSONAL NAME
Personal name Jenson, V. G.
245 10 - TITLE STATEMENT
Title Mathematical methods in chemical engineering
250 ## - EDITION STATEMENT
Edition statement 1st ed.
260 ## - PUBLICATION, DISTRIBUTION, ETC. (IMPRINT)
Place of publication, distribution, etc. London
Name of publisher, distributor, etc. Academic Press
Date of publication, distribution, etc. 1963
300 ## - PHYSICAL DESCRIPTION
Extent xi, 556 p.
Other physical details illus.
Dimensions 24cm.
504 ## - BIBLIOGRAPHY, ETC. NOTE
Bibliography, etc Includes bibliographies
650 #0 - SUBJECT ADDED ENTRY--TOPICAL TERM
Topical term or geographic name as entry element Chemical engineering
700 ## - ADDED ENTRY--PERSONAL NAME
Personal name Jeffreys, G. V.
942 ## - ADDED ENTRY ELEMENTS (KOHA)
Koha item type General Book
Holdings
Lost status Damaged status Date acquired Koha normalized classification for sorting Koha item type Not for loan Koha full call number Shelving location Withdrawn status Koha date last seen Copy number Location (home branch) Price effective from Piece designation (barcode) Sublocation or collection (holding branch) Source of classification or shelving scheme
  2015-05-12660_280000000000000_JEN_1963General Book 660.28/JEN/1963Circulation section 2015-05-121Central Library, BUET2015-05-1222438Central Library, BUET 
  2015-05-12660_280000000000000_JEN_1963General Book 660.28/JEN/1963Circulation section 2015-05-122Central Library, BUET2015-05-1222440Central Library, BUET 
  2015-05-12660_280000000000000_JEN_1963General Book 660.28/JEN/1963Circulation section 2015-05-123Central Library, BUET2015-05-1222434Central Library, BUET 
  2015-05-18660_280000000000000_JEN_1963General Book 660.28/JEN/1963Circulation section 2015-05-184Central Library, BUET2015-05-1822432Central Library, BUET 
  2015-05-18660_280000000000000_JEN_1963General Book 660.28/JEN/1963Circulation section 2015-05-185Central Library, BUET2015-05-1822435Central Library, BUET 
  2015-05-18660_280000000000000_JEN_1963General Book 660.28/JEN/1963Circulation section 2015-05-186Central Library, BUET2015-05-1829450Central Library, BUET 
  2015-05-18660_280000000000000_JEN_1963General Book 660.28/JEN/1963Circulation section 2015-05-187Central Library, BUET2015-05-1829449Central Library, BUET 
  2015-05-18660_280000000000000_JEN_1963General Book 660.28/JEN/1963Circulation section 2015-05-188Central Library, BUET2015-05-1829448Central Library, BUET 
  2015-05-18660_280000000000000_JEN_1963General Book 660.28/JEN/1963Circulation section 2015-05-189Central Library, BUET2015-05-1829457Central Library, BUET 
  2015-05-18660_280000000000000_JEN_1963General Book 660.28/JEN/1963Circulation section 2015-05-1810Central Library, BUET2015-05-1829454Central Library, BUET 
  2015-05-18660_280000000000000_JEN_1963General Book 660.28/JEN/1963Circulation section 2015-05-1811Central Library, BUET2015-05-1829453Central Library, BUET 
  2015-05-18660_280000000000000_JEN_1963General Book 660.28/JEN/1963Circulation section 2015-05-1812Central Library, BUET2015-05-1829451Central Library, BUET 
  2015-05-18660_280000000000000_JEN_1963General Book 660.28/JEN/1963Circulation section 2015-05-1813Central Library, BUET2015-05-1822431Central Library, BUET 
  2015-05-18660_280000000000000_JEN_1963General Book 660.28/JEN/1963Circulation section 2015-05-1814Central Library, BUET2015-05-1829452Central Library, BUET 
  2015-05-18660_280000000000000_JEN_1963General Book 660.28/JEN/1963Circulation section 2015-05-1815Central Library, BUET2015-05-1822436Central Library, BUET 
  2015-06-17660_280000000000000_JEN_1963Reading Item 660.28/JEN/1963Reading section 2015-06-1716Central Library, BUET2015-06-1729456Central Library, BUET 
  2015-06-18660_280000000000000_JEN_1963Reading Item 660.28/JEN/1963Reading section 2015-06-1817Central Library, BUET2015-06-1829455.Central Library, BUET 
  2015-07-10660_280000000000000_JEN_1963Reading Item 660.28/JEN/1963Reading section 2015-07-1018Central Library, BUET2015-07-1022439Central Library, BUET